| 000 | 00997nam a22003137a 4500 | ||
|---|---|---|---|
| 003 | CHAP | ||
| 005 | 20220817042907.0 | ||
| 008 | 971013s r 00010 d | ||
| 010 | _a59180 | ||
| 011 | _a60152 | ||
| 035 | _a64312 | ||
| 040 | _cCHAP | ||
| 090 | _aFolleto 3593 | ||
| 110 |
_aPrograma de las Naciones Unidas para el Desarrollo _992305 |
||
| 245 | _aResearch and training in the development of high lysine maize | ||
| 260 |
_a(New York) : _bThe Programme, _c(s.a.) |
||
| 300 | _a31 p. | ||
| 590 |
_aBATCH-UPD _b10 _c20130110 _lUCH01 _h2036 |
||
| 590 |
_aBATCH-UPD _b10 _c20130410 _lUCH01 _h1351 |
||
| 590 |
_aBATCH-UPD _b10 _c20130914 _lUCH01 _h1726 |
||
| 590 |
_aCONVERSION _b10 _c20130109 _lUCH01 _h1332 |
||
| 650 | 1 | 4 | _aLisina. |
| 650 | 1 | 4 |
_aMaíz _xMejoramiento. _971006 |
| 650 | 1 | 4 |
_aMaíz _xProteínas. _971043 |
| 710 | 0 | _aCentro Internacional de Mejoramiento de Maíz y Trigo. | |
| 901 | _aBK | ||
| 942 | _cFOLL | ||
| 949 |
_aFolleto 3593 _bBC _cFOLL _d-140074 _eTS1 _i64312 _mD _si |
||
| 999 |
_c59180 _d59180 |
||